000 00230 a2200097 4500
090 _c1701
_d1701
100 _aBrig (R) Mumtaz Hussain
245 _aLet Us Have Mercy on Pakistan
260 _aPaiistan
942 _aNBS
_cBK
_k954.9 HUS
999 _c344216
_d344216